=LDR 00000nam 2200000 4500 =001 NUTBA000000000001260 =005 20140419101723.0 =006 =007 =008 =020 ##$$a 978-448-622-1 =035 ##$$a 0010-041400000000530 =082 ##$$a611 =100 ##$$aethel sloane =245 ##$$a anatomi dan fisiologi =260 ##$$a Jakarta $b EGC $c 2003 =440 ##$$a anatomi dan fisiologi =700 ##$$aethel sloane =850 ##$$a NBPNMAT =990 ##$$a 94353/BPAP-NTB/2014 =990 ##$$a 21400613/BPAP-NTB/20142014 =990 ##$$a 21400613/BPAP-NTB/20142014